Together Towords a safer India class-IX (Record no. 4297)

MARC details
000 -LEADER
fixed length control field 00246nam a22000857a 4500
008 - FIXED-LENGTH DATA ELEMENTS--GENERAL INFORMATION
fixed length control field 161129b xxu||||| |||| 00| 0 eng d
100 ## - MAIN ENTRY--PERSONAL NAME
9 (RLIN) 1568
Personal name National Disaster Management
245 ## - TITLE STATEMENT
Title Together Towords a safer India class-IX
260 ## - PUBLICATION, DISTRIBUTION, ETC. (IMPRINT)
Place of publication, distribution, etc. New Delhi
Name of publisher, distributor, etc. NCERT
Holdings
Withdrawn status Lost status Source of classification or shelving scheme Damaged status Koha normalized classification for sorting Not for loan Home library Current library Shelving location Date acquired Total Checkouts Total Renewals Full call number Barcode Date last seen Date last checked out Koha item type
    Dewey Decimal Classification   300_000000000000000   Good Samaritan School Library Good Samaritan School Library Social Science 11/29/2016 2 2 300 NAT5093 10/16/2017 09/29/2017 BOOK
    Dewey Decimal Classification   300_000000000000000   Good Samaritan School Library Good Samaritan School Library Social Science 11/29/2016 1   300 NAT5094 10/06/2017 09/26/2017 BOOK

Powered by Koha